000 01116nam a2200241 a 4500
003 BD-DhJNU
005 20251211042500.0
008 251108s2019 bg |||g |||| 000 1|ben|d
020 _a9789841108342
040 _aBD-DhJNU
_bben
_cBD-DhJNU
_dBD-DhJNU
041 _aben
082 _a891.443 GHP
_223
100 _aঘোষ, নিতাই কুমার
245 1 0 _aপ্রেমেন্দ্র মিত্রের গল্পে মানবসম্পর্কের সীমানা ও সত্যতা /
_cনিতাই কুমার ঘোষ
246 _aPremendra Mitrer golpey Manobsomorker simana O Sottota
250 _a1st ed.
260 _aঢাকা :
_bআহমদ পাবলিশিং হাউস,
_c2019.
300 _a২৩৯ পৃ. :
_bচিত্র ;
_c২১ সেমি.।
504 _aগ্রন্থপঞ্জিগত নির্দেশিকা ও নিঘন্ট অন্তভূক্ত
650 _aবাংলা সাহিত্যসমালোচনা
650 _aBengali literary criticism
942 _cBK
999 _c2422
_d2422